000 005040000a22001810004500
090 _aAR
_b02760
245 1 0 _aThaxter's Thaxterogasters and other chilean hypogeous fungi
650 1 4 _aMicología
_97797
650 1 4 _aTaxonomía
_992343
650 1 4 _aMorfología
_992917
650 1 4 _aNuevos registros
_994719
650 1 4 _aDistribución
_992865
651 4 _pChile
_992749
041 0 _aInglés
100 1 _aHalling, Roy E.
_915259
942 _cARTICULO
773 1 _tMycotaxon
_31308
_q853-868
_d1981
_g73
999 _c11821
_d11821